MDQL
is popping MORE tags! Check the
thread
!
Quizzes
Events
Quiz Creation
Community
Videos
Private Events
Remove Ads
Sign In
Join for FREE
Feedback
Dark Mode
Quiz Categories
Sports
Geography
Music
Movies
Television
Just For Fun
Miscellaneous
History
Literature
Language
Science
Gaming
Entertainment
Religion
Holiday
For Kids
Quiz Lab
Recent
Popular Today
Quiz Kudos Today
Editor Picks
Curator Picks
Quizzes by...
Day
Popularity
Type
Ratings
Length
Year
Community
Subscriptions
Recent Discussions
Orange Saloon
Badges
Playlists
Quests
Create
Leaderboards
Showdown
Live 5
Trivia Bingo
Activity
Puzzle Library
Sporcle Events
Private Events
Virtual Trivia
Globe League
Become a Host
Pub Owners
SporcleCon
Opinionation
Our Games
Videos
Blog
Mobile Apps
Partnerships
Remove Ads and Go Orange
Feedback
Movies
Disney
Marvel Cinematic Universe
Movie Resume
Movie Titles
Oscar
Actor
Actress
Director
Pixar
Role
Movie Quotes
Movie Characters
Box Office
Nominee
Best Picture
Star Wars
James Bond
Horror Movies
Movies
Disney
Marvel Cinematic Universe
Movie Resume
Movie Titles
Oscar
Actor
Actress
Director
Pixar
Role
Movie Quotes
Movie Characters
Box Office
Nominee
Best Picture
Star Wars
James Bond
Horror Movies
Random Quiz
Search Sporcle
×
Quiz Lab
Quiz Lab
Movies
Best Picture
Select answers by clicking on text or image buttons
Select answers by clicking on text or image buttons
Clickable
Best Score? Go Orange.
Best Picture by Character (1940s) Stats
Can you pick the Best Picture by Character (1940s)?
By
Joe7287
6m
30 Questions
92 Plays
92 Plays
92 Plays
Comments
Comments
Give Quiz Kudos
Give Quiz Kudos
-
- Ratings
hide this ad
Forced Order
Answers have to be entered in order
Answers have to be entered in order
Replay
Link that replays current quiz
Next Quiz
Link to next quiz in quiz playlist
You Got
0%
They Got
Avg Score
58%
Avg Friend Score
Upgrade to see
Score Distribution
Jump to the score distribution portion of the page
Score
0/30
Timer
06:00
0
Plays Today
% Correct
Casablanca
96.7%
Hamlet
96.7%
Hamlet
95.7%
Hamlet
93.5%
Casablanca
92.4%
Casablanca
76.1%
How Green Was My Valley
75%
Rebecca
70.7%
Rebecca
70.7%
How Green Was My Valley
70.7%
Going My Way
68.5%
How Green Was My Valley
65.2%
Mrs. Miniver
57.6%
The Best Years of Our Lives
53.3%
The Best Years of Our Lives
52.2%
% Correct
The Best Years of Our Lives
52.2%
All the King's Men
50%
Mrs. Miniver
48.9%
Going My Way
48.9%
All the King's Men
47.8%
All the King's Men
46.7%
Gentleman's Agreement
44.6%
Gentleman's Agreement
42.4%
Rebecca
38%
Going My Way
38%
Mrs. Miniver
37%
Gentleman's Agreement
37%
The Lost Weekend
35.9%
The Lost Weekend
34.8%
The Lost Weekend
28.3%
Quiz Playlist
Details
Report
Send in Message
Add To Playlist
Clickable:
Select answers by clicking on text or image buttons
Forced Order:
Answers have to be entered in order
Last Updated: Feb 16, 2017
Quiz Scoreboard
CHALLENGE
Sign Up to Join the Scoreboard
Show All
Scores
Hide
Comments
May contain spoilers
Recently Published
Find the 'City' Movie
by crazypaving
Movies
60s
5x2 Blitz: Bands
by SL_Kpop136
Music
30s
Colored Red Africa Blitz
by spor1
Geography
30s
More to Explore
Quiz From the Vault
Featured Blog Post
14 Easter Pick-up Lines to Find Eggs With
hide this ad
You Might Also Like...
Tags
Best Picture Quiz
Clickable Quiz
1940
Character
Today's Top Quizzes in Movies
Browse Movies
hide this ad
Today's Top Quizzes in Best Picture
Browse Best Picture
Top Contributed Quizzes in Movies
1
Find The 'Big' Movie
2
Find The 'Blue' Movie
3
Find The 'Wild' Movie
4
Movies By Plot
5
Hidden Star Wars Character II
6
Pick 5 Posters: Directed by Spielberg
7
Hidden Star Wars Character III
8
Hidden Star Wars Character IV
9
25 Best Actor Nominees (1990s)
10
Alfred Hitchcock Movies by Plot
Explore More
Trending Topics
Marvel
Anime
Disney
NBA
Kpop
Crossword
Harry Potter
NFL
Song
Pokémon
WWE
The Office
Country
Soccer
Puzzle
hide this ad
More By:
Joe7287
Quiz
Plays
Rating
Category
Featured
Created
3x12: Best Picture by Character (1920s-1930s)
64
4.00
Movies
Dec 29, 2015
10 to 1 Countdown AFI Movies
1,612
3.74
Movies
Aug 22, 2014
MLB 20 Game Winners in the 2000s
1,321
4.20
Sports
Dec 18, 2009
Cy Young Winners Who Have Not Won 20
1,236
2.58
Sports
May 12, 2010
I Was Nominated and All I Got Was a Lousy T-Shirt (90s)
907
4.11
Movies
May 6, 2013
10 to 1: Best Picture Winners
684
3.79
Movies
Jun 1, 2015
Go to Creator's Profile
Score Distribution
Quiz Creator Spotlight
Joe7287
Follow
Send a Message
Quizzes Created
-
Created Quiz Play Count
-
More By This Creator
Popular Quizzes Today
1
Colored Red Africa Blitz
2
Find the 'City' Movie
3
Find the US States - No Outlines Minefield
4
5x2 Blitz: Bands
5
The Countries of the World
6
Find the US States
7
US States
8
Find the Countries of Europe - No Outlines Minefield
More Movies Quizzes
'R' Movies by Poster
Published
Trending Quizzes
Colored Red Europe Blitz I
Colored Red Africa Blitz II
Colored Red Europe Blitz II
Colored Red Africa Blitz III
Colored Red Europe Blitz III
Recently Updated
How Do You Spell That?
pecheneg
Godzilla Movies
pecheneg
Grab Bag: 4-10 Letters
pecheneg
2024 March Madness Bracket
pecheneg
Famous TV Couples
Peacemaker
Champions League XIs: Real Madrid
pecheneg
Largest US Cities 1790-2010
pecheneg
Rides in Walt Disney World
pecheneg
Most Oscar Losses (Acting)
pecheneg
Beyoncé Albums
pecheneg
Trending Topics
Harry Potter
Disney
NBA
Crossword
Anime
Marvel
Kpop
The Office
NFL
Puzzle
Pokémon
WWE
Country
Soccer
Song
Your Account Isn't Verified!
In order to create a playlist on Sporcle, you need to verify the email address you used during registration. Go to your
Sporcle Settings
to finish the process.
Report this User
Report this user for behavior that violates our
Community Guidelines
.
Details:
Send Report
Go to the Sporcle.com Mobile Site →
Comments